Fundamental Aspects of ELECTROCRYSTALLIZATION /

Bibliographic Details
Main Author: Bockris, J. O'M
Corporate Author: SpringerLink (Online service)
Other Authors: Razumney, G. A.
Format: eBook
Language:English
Published: Boston, MA : Springer US, 1967.
Subjects:
Online Access:Connect to the full text of this electronic book

MARC

Tag First Indicator Second Indicator Subfields
LEADER 00000cam a2200000Ma 4500
001 in00003545913
006 m o d
007 cr nn|||||||||
008 121227s1967 mau o 000 0 eng d
005 20260423141551.1
020 |a 9781468406979 (electronic bk.) 
020 |a 1468406973 (electronic bk.) 
020 |z 1468406973 
035 |a (OCoLC)840287491 
040 |a I9W  |b eng  |e pn  |c I9W  |d UV0  |d OCLCO  |d GW5XE  |d OCLCQ  |d OCLCF  |d UtOrBLW 
049 |a TXAM 
050 4 |a QD450-882 
082 0 4 |a 541  |2 23 
100 1 |a Bockris, J. O'M. 
245 1 0 |a Fundamental Aspects of ELECTROCRYSTALLIZATION /  |c by J. O'M. Bockris, G.A. Razumney. 
264 1 |a Boston, MA :  |b Springer US,  |c 1967. 
300 |a 1 online resource. 
336 |a text  |b txt  |2 rdacontent 
337 |a computer  |b c  |2 rdamedia 
338 |a online resource  |b cr  |2 rdacarrier 
500 |a Electronic resource. 
650 0 |a Chemistry. 
650 0 |a Physical organic chemistry. 
650 7 |a Chemistry.  |2 fast  |0 (OCoLC)fst00853344 
650 7 |a Physical organic chemistry.  |2 fast  |0 (OCoLC)fst01715687 
655 7 |a Electronic books.  |2 local 
700 1 |a Razumney, G. A. 
710 2 |a SpringerLink (Online service) 
856 4 0 |u http://proxy.library.tamu.edu/login?url=https://link.springer.com/10.1007/978-1-4684-0697-9  |z Connect to the full text of this electronic book  |t 0 
994 |a 92  |b TXA 
999 |a MARS 
999 f f |s 7db675de-20bd-3f98-8b3e-0b3128f46818  |i f9551a1c-66d3-3a7c-b288-068685c6cd67  |t 0 
952 f f |a Texas A&M University  |b College Station  |c Electronic Resources  |s www_evans  |d Available Online  |t 0  |e QD450-882  |h Library of Congress classification 
998 f f |a QD450-882  |t 0  |l Available Online